<?xml version="1.0" encoding="UTF-8"?>
<record
    xmlns:xsi="http://www.w3.org/2001/XMLSchema-instance"
    xsi:schemaLocation="http://www.loc.gov/MARC21/slim http://www.loc.gov/standards/marcxml/schema/MARC21slim.xsd"
    xmlns="http://www.loc.gov/MARC21/slim">

  <leader>00796nam a22002057a 4500</leader>
  <controlfield tag="005">20260319120515.0</controlfield>
  <datafield tag="010" ind1=" " ind2=" ">
    <subfield code="a">ENG-147944</subfield>
  </datafield>
  <datafield tag="020" ind1=" " ind2=" ">
    <subfield code="c">600.00</subfield>
    <subfield code="a">9789395481557</subfield>
  </datafield>
  <datafield tag="035" ind1=" " ind2=" ">
    <subfield code="a">EN-131476</subfield>
  </datafield>
  <datafield tag="037" ind1=" " ind2=" ">
    <subfield code="b">DBAD</subfield>
  </datafield>
  <datafield tag="082" ind1=" " ind2=" ">
    <subfield code="a">338.04</subfield>
  </datafield>
  <datafield tag="100" ind1=" " ind2=" ">
    <subfield code="a">Gogte Dr. Jyoti</subfield>
    <subfield code="9">88625</subfield>
  </datafield>
  <datafield tag="245" ind1=" " ind2=" ">
    <subfield code="a">Roadmap for an Entrepreneur;</subfield>
    <subfield code="c">Dr. Jyoti Gogte</subfield>
    <subfield code="h">English</subfield>
    <subfield code="b">Navigate Your Journey With Proven Tools and Templates</subfield>
  </datafield>
  <datafield tag="260" ind1=" " ind2=" ">
    <subfield code="a">Maharashtra</subfield>
    <subfield code="b">Chaitali Nachnekar- Vishwakarma Publications</subfield>
    <subfield code="c">2025</subfield>
  </datafield>
  <datafield tag="270" ind1=" " ind2=" ">
    <subfield code="b">Maharashtra</subfield>
    <subfield code="a">34A/1, Suyog Centre , 7th Floor , Gultekadi Marketyard Road,Giridhar Bhawan Chowk Pune :411037 , Maharashtra, India</subfield>
    <subfield code="e">411037</subfield>
    <subfield code="k">9168682200</subfield>
    <subfield code="m">info@vpindia.co.in</subfield>
  </datafield>
  <datafield tag="300" ind1=" " ind2=" ">
    <subfield code="a">376 pbk. </subfield>
    <subfield code="c">24cm</subfield>
  </datafield>
  <datafield tag="600" ind1=" " ind2=" ">
    <subfield code="d">Dr. Jyoti Gogte</subfield>
    <subfield code="9">88626</subfield>
  </datafield>
  <datafield tag="700" ind1=" " ind2=" ">
    <subfield code="a">Gogte Dr. Jyoti</subfield>
    <subfield code="9">88625</subfield>
  </datafield>
  <datafield tag="942" ind1=" " ind2=" ">
    <subfield code="2">ddc</subfield>
    <subfield code="c">EN</subfield>
    <subfield code="m">338.04</subfield>
    <subfield code="e">1</subfield>
  </datafield>
  <datafield tag="999" ind1=" " ind2=" ">
    <subfield code="c">215650</subfield>
    <subfield code="d">215650</subfield>
  </datafield>
  <datafield tag="952" ind1=" " ind2=" ">
    <subfield code="0">0</subfield>
    <subfield code="1">0</subfield>
    <subfield code="4">0</subfield>
    <subfield code="7">1</subfield>
    <subfield code="8">NFIC</subfield>
    <subfield code="a">DBAD</subfield>
    <subfield code="b">DBAD</subfield>
    <subfield code="d">2026-03-19</subfield>
    <subfield code="e">DBAD</subfield>
    <subfield code="g">600.00</subfield>
    <subfield code="l">0</subfield>
    <subfield code="o">338.04</subfield>
    <subfield code="p">EN-131476</subfield>
    <subfield code="r">2026-03-19 00:00:00</subfield>
    <subfield code="t">1</subfield>
    <subfield code="v">600.00</subfield>
    <subfield code="w">2026-03-19</subfield>
    <subfield code="y">EN</subfield>
  </datafield>
</record>
